Η δικαιοδοτική λειτουργία στο Διεθνές Δίκαιο
Αποθηκεύτηκε σε:
| Κύριος συγγραφέας: | |
|---|---|
| Άλλοι συγγραφείς: | |
| Μορφή: | Βιβλίο |
| Γλώσσα: | Greek |
| Δημοσίευση: |
Αθήνα :
Νομική Βιβλιοθήκη,
2015.
|
| Σειρά: | Σειρά Δημοσίου Διεθνούς Δικαίου (Νομική Βιβλιοθήκη)
; 9 |
| Θέματα: | |
| Ετικέτες: |
Προσθήκη ετικέτας
Δεν υπάρχουν, Καταχωρήστε ετικέτα πρώτοι!
|
MARC
| LEADER | 00000cam a2200000 a 4500 | ||
|---|---|---|---|
| 001 | 1/112622 | ||
| 008 | 170111s2015####gr | ||| |||| ||gre|| | ||
| 020 | |a 9789605624194 | ||
| 040 | |a GR-MyUa |b gre |c GR-MyUa |e AACR2 | ||
| 041 | 0 | |a gre | |
| 082 | 7 | |a 341 |2 (23) | |
| 100 | 1 | |a Παζαρτζή, Φωτεινή. | |
| 245 | 1 | 2 | |a Η δικαιοδοτική λειτουργία στο Διεθνές Δίκαιο / |c Φωτεινή Παζαρτζή ; πρόλογος: Εμμανουήλ Ρούκουνας. |
| 260 | |a Αθήνα : |b Νομική Βιβλιοθήκη, |c 2015. | ||
| 300 | |a 197 σ. ; |c 24 εκ. | ||
| 490 | 1 | |a (Σειρά Δημοσίου Διεθνούς Δικαίου / Νομική Βιβλιοθήκη ; |v 9) | |
| 504 | |a Βιβλιογραφία: σ. 179-197. | ||
| 650 | 0 | |a International law. | |
| 650 | 0 | |a Jurisdiction (International law) | |
| 650 | 0 | |a International courts. | |
| 650 | 0 | |a Conflict of laws. | |
| 700 | 1 | |a Ρούκουνας, Εμμανουήλ Ι., |d 1933- |e aui | |
| 830 | 0 | |a Σειρά Δημοσίου Διεθνούς Δικαίου (Νομική Βιβλιοθήκη) |v ; 9 | |
| 852 | |a INST |b RHODES |c EUDOXUS |e 20170111 |h 341 ΠΑΖ |p 005400038976 |q 005400038976 |t EDX |y 0 | ||
| 852 | |a INST |b RHODES |c EUDOXUS |e 20170111 |h 341 ΠΑΖ |p 005400038977 |q 005400038977 |t EDX |y 0 | ||
| 852 | |a INST |b RHODES |c EUDOXUS |e 20170518 |h 341 ΠΑΖ |p 005400039296 |q 005400039296 |t EDX |y 0 | ||
| 920 | |a Εύδοξος |b Επιστροφή |y Ρόδος |z 2017-05 | ||
| 920 | |a Εύδοξος |b Παραγγελία |y Ρόδος-ΤΜΣ |z 2017-01 | ||
| 970 | |z 11-01-2017 | ||